|
|
|
|
| LEADER |
00000nam a22000007a 4500 |
| 005 |
20210817124810.0 |
| 007 |
cr|||| |||| |
| 008 |
210817s2019 ca |||||s|||| 00||0 eng d |
| 020 |
|
|
|a 978-1-55221-500-5
|
| 035 |
|
|
|a 35006
|
| 040 |
|
|
|a vLex
|
| 090 |
|
|
|c 12024
|d 12024
|
| 100 |
1 |
|
|a Plaxton, Michael
|
| 245 |
1 |
0 |
|a Sovereignty, Restraint, & Guidance
|h [Recurso electrn̤ico] :
|b Canadian Criminal Law in the 21st Century /
|c Michael Plaxton
|
| 256 |
|
|
|a Servicio en ln̕ea
|
| 260 |
|
|
|a Toronto:
|b Irwin Law Inc.,
|c 2019
|
| 300 |
|
|
|a 1 recurso electrn̤ico
|
| 506 |
1 |
|
|a Disponible solo en los productos indicados
|d vLex Global
|d vLex Global (Academic Edition, excluding Law Schools)
|d vLex Global (U.S. Academic Edition, Law Schools)
|d vLex Global (U.S. Academic Edition, excluding Law Schools)
|d vLex Global (Academic Edition, Law Schools)
|
| 650 |
0 |
4 |
|a Derecho Penal
|z Canad̀
|
| 740 |
0 |
|
|a vLex Libros (Servicio en ln̕ea)
|
| 856 |
4 |
0 |
|u https://app.vlex.com/#/sources/35006
|z Acceso restringido
|
| 942 |
|
|
|c BOOK
|
| 999 |
0 |
|
|a Criminal law
|